<?xml version="1.0" encoding="UTF-8"?>
<record
    xmlns:xsi="http://www.w3.org/2001/XMLSchema-instance"
    xsi:schemaLocation="http://www.loc.gov/MARC21/slim http://www.loc.gov/standards/marcxml/schema/MARC21slim.xsd"
    xmlns="http://www.loc.gov/MARC21/slim">

  <leader>02871nam a22002897a 4500</leader>
  <controlfield tag="003">BI-BuBU</controlfield>
  <controlfield tag="008">140822t2014    bd ||||dr|||| 000 0 fre d</controlfield>
  <datafield tag="037" ind1=" " ind2=" ">
    <subfield code="b">Don de l' auteur</subfield>
  </datafield>
  <datafield tag="039" ind1=" " ind2=" ">
    <subfield code="a">20140822103152.0</subfield>
    <subfield code="b">Marie Goretti Ndayizeye</subfield>
  </datafield>
  <datafield tag="040" ind1=" " ind2=" ">
    <subfield code="a">BI-BuBU</subfield>
    <subfield code="b">fre</subfield>
    <subfield code="c">BI-BuBU</subfield>
  </datafield>
  <datafield tag="041" ind1="0" ind2=" ">
    <subfield code="a">fre</subfield>
  </datafield>
  <datafield tag="080" ind1=" " ind2=" ">
    <subfield code="a">551.311.2</subfield>
  </datafield>
  <datafield tag="100" ind1="1" ind2=" ">
    <subfield code="4">aut</subfield>
    <subfield code="a">Sumba Gasangwa, Innocent</subfield>
    <subfield code="9">97056</subfield>
  </datafield>
  <datafield tag="245" ind1="1" ind2="0">
    <subfield code="a">Evaluation des risques g&#xE9;ologiques et hydrologiques</subfield>
    <subfield code="b">cas de l' inondation et alluvionnement dans la cit&#xE9; d' Uvira</subfield>
    <subfield code="c">Innocent Sumba Gasangwa</subfield>
  </datafield>
  <datafield tag="260" ind1=" " ind2=" ">
    <subfield code="a">Bujumbura</subfield>
    <subfield code="b">Universit&#xE9; du Burundi, Facult&#xE9; des sciences</subfield>
    <subfield code="c">2014</subfield>
  </datafield>
  <datafield tag="300" ind1=" " ind2=" ">
    <subfield code="a">X-57 f.</subfield>
    <subfield code="c">30 cm.</subfield>
  </datafield>
  <datafield tag="500" ind1=" " ind2=" ">
    <subfield code="a">M&#xE9;moire pr&#xE9;sent&#xE9; et soutenu publiquement en vue de l' obtention du grade de Licenci&#xE9; en Sciences de la Terre</subfield>
  </datafield>
  <datafield tag="520" ind1=" " ind2=" ">
    <subfield code="a">Notre sujet de m&#xE9;moire intitul&#xE9; " Evaluation des risques g&#xE9;ologiques et hydrologiques: cas de l' innondation et alluvionnement dans la cit&#xE9; d' Uvira" consiste &#xE0; &#xE9;valuer l' &#xE9;tat des lieux des inondations et des alluvionnements dans la cit&#xE9; d' Uvira; leurs impacts sur la vie de la population de cette localit&#xE9; et de leurs biens et d&#xE9;terminer quelques mesures de r&#xE9;duction de leurs effets.
Nous avons alors constat&#xE9; que la cit&#xE9; d' Uvira est travers&#xE9;e par des cours d' eau p&#xE9;rennes( du nord au sud: Kavimvira, Mulongwe et Kalimabenge) et saisonniers ( au nombre de 5 : Kangenge, Kamongola, Nyarumanga, Kakungwe et Kibondwe) qui sont responsables de ces innondations en cas des crues et cela est accentu&#xE9; non seulement par la g&#xE9;omorphologie de la r&#xE9;gion( en effet , la cit&#xE9; d' Uvira est surplomb&#xE9;e par les monts MITUMBA d'o&#xF9; prennent source tous ces cours d' eau) mais &#xE9;galement par l' urbanisation croissante de la cit&#xE9; qui favorise le ruisselement &#xE0; la place de l' infiltration.
Ces inondations accompagn&#xE9;es d' alluvionnements provoquent beaucoup de d&#xE9;g&#xE2;ts humains et mat&#xE9;riels ( nous pouvons parler ici de la mort des personnes et de la desrtuction des maisons, des ponts, des routes).
 L' administration de la cit&#xE9; d' Uvira en collaboration avec des ONGs locales et internationales essaient d'entreprendre des actions visant &#xE0; r&#xE9;duire les d&#xE9;g&#xE2;ts caus&#xE9;s par ces innondations et leurs alluvionnements.Nous avons alors essay&#xE9; d' inventorier par recherche bibliographique d' autres mesures qui aideront &#xE0; pr&#xE9;venir et g&#xE9;rer ces risques de fa&#xE7;on plus ou moins efficace.
</subfield>
  </datafield>
  <datafield tag="650" ind1=" " ind2="7">
    <subfield code="2">BI-BuBU</subfield>
    <subfield code="a">Risque g&#xE9;ologique. Evaluation</subfield>
    <subfield code="z">Uvira (Cit&#xE9;)</subfield>
    <subfield code="9">96204</subfield>
  </datafield>
  <datafield tag="650" ind1=" " ind2="7">
    <subfield code="2">BI-BuBU</subfield>
    <subfield code="a">Risque hydrologique. Evaluation</subfield>
    <subfield code="z">Uvira (Cit&#xE9;)</subfield>
    <subfield code="9">96209</subfield>
  </datafield>
  <datafield tag="655" ind1=" " ind2="7">
    <subfield code="2">BI-BuBU</subfield>
    <subfield code="a">M&#xE9;moire</subfield>
    <subfield code="9">97057</subfield>
  </datafield>
  <datafield tag="700" ind1="1" ind2=" ">
    <subfield code="4">drt</subfield>
    <subfield code="a">Nahimana, Louis</subfield>
    <subfield code="9">96206</subfield>
  </datafield>
  <datafield tag="710" ind1=" " ind2=" ">
    <subfield code="a">Universit&#xE9; du Burundi</subfield>
    <subfield code="b">Facult&#xE9; des sciences</subfield>
    <subfield code="9">96207</subfield>
  </datafield>
  <datafield tag="942" ind1=" " ind2=" ">
    <subfield code="2">udc</subfield>
    <subfield code="c">MEM</subfield>
  </datafield>
  <datafield tag="999" ind1=" " ind2=" ">
    <subfield code="c">28770</subfield>
    <subfield code="d">28770</subfield>
  </datafield>
  <datafield tag="952" ind1=" " ind2=" ">
    <subfield code="0">0</subfield>
    <subfield code="1">0</subfield>
    <subfield code="2">udc</subfield>
    <subfield code="4">0</subfield>
    <subfield code="7">1</subfield>
    <subfield code="9">42090</subfield>
    <subfield code="a">BC</subfield>
    <subfield code="b">BC</subfield>
    <subfield code="d">2014-08-22</subfield>
    <subfield code="e">Don de l' auteur</subfield>
    <subfield code="l">0</subfield>
    <subfield code="o">551.311.2 SUM.</subfield>
    <subfield code="p">5010000234966</subfield>
    <subfield code="r">2014-08-22</subfield>
    <subfield code="t">1</subfield>
    <subfield code="w">2014-08-22</subfield>
    <subfield code="y">MEM</subfield>
  </datafield>
</record>
